000 00382 a2200157 4500
001 156867
020 _a9788581810621
040 _cEscola São Tomás de Aquino
100 _aDOLHNIKOFF, Miriam
240 1 0 _aJogo da história nos dias de hoje
_lpor
245 1 0 _aJogo da história nos dias de hoje
300 _a304 p.
362 0 _a2012
697 _aHistória
942 _cBK
999 _c156867
_d156867